Seni kraf pilihan Terengganu =

Bibliographic Details
Main Author: Noraini A. Shariff
Format: Book
Published: Kuala Terengganu: Yayasan Diraja Sultan Mizan, 2010.
Subjects:
LEADER 00580cam a2200169 7i4500
001 0000028050
005 20121226090000.0
020 0 0 |a 9789834428617  
090 0 0 |a DE 745.509595122   |b NOR 
100 1 0 |a Noraini A. Shariff  
245 1 0 |a Seni kraf pilihan Terengganu =   |l Terengganu selected handicrafts. 
260 0 0 |a Kuala Terengganu:   |b Yayasan Diraja Sultan Mizan,   |c 2010. 
300 # # |a 164 p. 
650 0 0 |a Handicrafts --   |z Terengganu, Malaysia  
650 0 0 |a Handicrafts industries --   |z Terengganu, Malaysia  
651 0 0 |a Malaysia  
999 |a B000031387  |b Book  |c Designs  |e Business Information Centre